000 01150nam a2200289 i 4500
001 bg
003 BPK
005 20191016105207.0
008 981005s1978 pl a |001 0 pol
015 _aPB 1978/8108
040 _aWA N
_cBPK
080 _a1(438)(091)
245 0 0 _a700 lat myśli polskiej.
_n[1],
_pFilozofia i myśl społeczna XIII-XV wieku /
_cwybrał i przypisami opatrzył Juliusz Domański ; słowo wstępne napisał Władysław Tatarkiewicz.
246 3 _aSiedemset lat myśli polskiej.
246 3 _aFilozofia i myśl społeczna XIII-XV wieku
260 _aWarszawa :
_bPaństw. Wydaw. Naukowe,
_c1978.
300 _aXVII, 571, [2] s. :
_bil., portr. ;
_c25 cm.
504 _aBibliogr. przy notach biogr. - Indeks.
650 4 _aFilozofia
_xhistoria
_zPolska
_y13-15 w.
650 4 _aNauki społeczne
_xhistoria
_zPolska
_y13-15 w.
648 4 _a1201-1300
648 4 _a1301-1400
648 4 _a1401-1500
700 1 _aDomański, Juliusz
_d(1927- ).
_eOprac.
856 _uhttp://koha.tu.koszalin.pl/cgi-bin/koha/opac-detail.pl?biblionumber=29144
_yKatalog online BPK
942 _2UKD
_cKS
999 _c29144
_d29144